Štatistická analýza zdravotného stavu obyvateľov Slovenskej republiky z pohľadu prijímateľov zdravotnej starostlivosti diplomová práca

Na minha lista:
Detalhes bibliográficos
Autor principal: Galamboš, Pavol
Autor Corporativo: Fakulta hospodárskej informatiky EU. Katedra štatistiky
Outros Autores: Kotlebová, Eva
Formato: Livro
Idioma:eslovaco
Publicado em: Bratislava 2017
Tags: Adicionar Tag
Sem tags, seja o primeiro a adicionar uma tag!

MARC

LEADER 00000nbm a2200000 4500
001 0230902
005 20171107141811.9
041 0 |a slo 
044 |a SK 
245 1 0 |a Štatistická analýza zdravotného stavu obyvateľov Slovenskej republiky z pohľadu prijímateľov zdravotnej starostlivosti  |b diplomová práca  |c Pavol Galamboš ; školiteľ: Eva Kotlebová 
264 1 |a Bratislava  |c 2017 
300 |a 82 s. 
100 1 |a Galamboš, Pavol 
700 1 |a Kotlebová, Eva 
710 2 |a Fakulta hospodárskej informatiky EU. Katedra štatistiky